000 00273nam a22001097a 4500
008 160520b xxu||||| |||| 00| 0 eng d
020 _a1562053698
041 _aeng
080 _a003.2
245 _aNew riders; guide to e-mail and messaging;
_cLarry Morris;
942 _2udc
_cBK
999 _c2283
_d2283